[Event "Bayern-chI Bank Hofmann 23rd"]
[Site "Tegernsee"]
[Date "2019.11.01"]
[Round "7"]
[White "De Ruijter, Luuk"]
[Black "Kugelmann, Werner"]
[Result "1-0"]
[WhiteElo "2214"]
[BlackElo "2045"]
[PlyCount "79"]
[EventDate "2019.10.26"]
[EventType "swiss"]
[EventRounds "9"]
[EventCountry "GER"]
[SourceTitle "CBM 192 Extra"]
[Source "Chessbase"]
[SourceDate "2019.11.06"]
[SourceVersion "1"]
[SourceVersionDate "2019.11.06"]
[SourceQuality "1"]

1. d4 Nf6 2. c4 g6 3. Nc3 Bg7 4. e4 d6 5. f3 0-0 6. Bg5 c5 7. d5 a6 8. a4 e6 9. Nge2 h6 10. Be3 exd5 11. cxd5 Nbd7 12. Ng3 h5 13. Be2 Rb8 14. 0-0 Re8 15. Qd2 Ne5 16. Nh1 Qc7 17. Nf2 Bd7 18. a5 Bc8 19. Rfc1 b5 20. axb6 Qxb6 21. b4 Ned7 22. bxc5 dxc5 23. Nd3 Qd8 24. Nxc5 Nxc5 25. Bxc5 Nd7 26. Bd4 Ne5 27. f4 Ng4 28. Bxg7 Kxg7 29. Qd4+ Kg8 30. Bxg4 hxg4 31. e5 Bf5 32. Rxa6 Rb3 33. Ne4 Bxe4 34. Qxe4 Kg7 35. Rcc6 Qb8 36. Rxg6+ Kf8 37. Rh6 Rb1+ 38. Kf2 Qb3 39. Rh8+ Ke7 40. Rxe8+ 1-0

[Event "Bad Wiessee Senioren Cup 8th"]
[Site "Bad Wiessee"]
[Date "2019.05.11"]
[Round "1"]
[White "Antoniacci, Ricardo"]
[Black "Kugelmann, Werner"]
[Result "0-1"]
[WhiteElo "1786"]
[BlackElo "2046"]
[PlyCount "86"]
[EventDate "2019.05.11"]
[EventType "swiss"]
[EventRounds "9"]
[EventCountry "GER"]
[SourceTitle "EXT 2020"]
[Source "ChessBase"]
[SourceDate "2019.10.17"]
[SourceVersion "1"]
[SourceVersionDate "2019.10.17"]
[SourceQuality "1"]

1. c4 Nf6 2. Nc3 g6 3. Nf3 Bg7 4. g3 d6 5. d4 0-0 6. Bg2 Nbd7 7. e4 e5 8. d5 Nc5 9. Qc2 a5 10. 0-0 Bd7 11. Ne1 Nh5 12. Nd3 b6 13. Nxc5 bxc5 14. Be3 f5 15. exf5 gxf5 16. Bf3 Nf6 17. Qd2 Qe8 18. Bh6 Qg6 19. Bxg7 Qxg7 20. Kh1 Kh8 21. a4 Be8 22. b3 e4 23. Be2 Ng4 24. f3 e3 25. Qb2 Nf2+ 26. Kg2 Kg8 27. Nd1 Qxb2 28. Nxb2 Rb8 29. Ra3 f4 30. Bd3 Bd7 31. Re1 Bh3+ 32. Kg1 Rbe8 33. Be2 Re7 34. Nd1 Nxd1 35. Bxd1 Rg7 36. Ra2 Rf6 37. Kh1 fxg3 38. hxg3 Rxg3 39. Kh2 Rfg6 40. Bc2 Rg7 41. Be4 Bg2 42. Rxe3 Rh3+ 43. Kg1 Bxf3+ 0-1

[Event "Bayern-chI Bank Hofmann 22nd"]
[Site "Tegernsee"]
[Date "2018.11.02"]
[Round "7"]
[White "Kugelmann, Werner"]
[Black "Wintzer, Joachim"]
[Result "0-1"]
[WhiteElo "2072"]
[BlackElo "2260"]
[PlyCount "122"]
[EventDate "2018.10.27"]
[EventType "swiss"]
[EventRounds "9"]
[EventCountry "GER"]
[SourceTitle "CBM 187 Extra"]
[Source "ChessBase"]
[SourceDate "2018.11.04"]
[SourceVersion "1"]
[SourceVersionDate "2018.11.04"]
[SourceQuality "1"]

1. e4 c6 2. d4 d5 3. e5 c5 4. dxc5 e6 5. Nf3 Bxc5 6. Bd3 Nc6 7. 0-0 Nge7 8. a3 a5 9. b3 Ng6 10. Re1 b6 11. Bb2 Ba6 12. Bxa6 Rxa6 13. Qd3 Ra8 14. g3 Be7 15. Nc3 0-0 16. Rad1 Qb8 17. Nb5 Na7 18. Nbd4 Rc8 19. h4 Nc6 20. Nb5 Na7 21. Nbd4 Qb7 22. Bc1 Nf8 23. Ng5 Rc7 24. Qf3 Bd8 25. a4 Rac8 26. Ba3 Rc3 27. Rd3 Rxd3 28. Qxd3 Ng6 29. Nxh7 Nc6 30. Nf3 Kxh7 31. h5 Be7 32. hxg6+ fxg6 33. Bxe7 Qxe7 34. Kg2 Qe8 35. Ng5+ Kg8 36. g4 Kf8 37. Qh3 Ke7 38. Qh7 Qg8 39. Qxg6 Kd7 40. c4 Ne7 41. Qd3 Qf8 42. cxd5 Nxd5 43. Nxe6 Kxe6 44. Qg6+ Kd7 45. Rd1 Rc5 46. Qxb6 Qf4 47. e6+ Ke8 48. Qxc5 Qxg4+ 49. Kh2 Qh5+ 50. Kg3 Qg5+ 51. Kh2 Qh5+ 52. Kg3 Qxd1 53. Qc8+ Ke7 54. Qd7+ Kf6 55. Qf7+ Ke5 56. Qxg7+ Kxe6 57. Qg8+ Kd7 58. Qf7+ Ne7 59. Qc4 Qd6+ 60. f4 Nf5+ 61. Kf3 Qd1+ 0-1

[Event "Arber op 7th"]
[Site "Bodenmais"]
[Date "2018.07.29"]
[Round "2"]
[White "Kugelmann, Werner"]
[Black "Legemaat, Gerrit"]
[Result "1/2-1/2"]
[WhiteElo "2119"]
[BlackElo "1946"]
[PlyCount "108"]
[EventDate "2018.07.28"]
[EventType "swiss"]
[EventRounds "9"]
[EventCountry "GER"]
[SourceTitle "CBM 185 Extra"]
[Source "ChessBase"]
[SourceDate "2018.07.29"]
[SourceVersion "1"]
[SourceVersionDate "2018.07.29"]
[SourceQuality "1"]

1. e4 c5 2. Nf3 Nc6 3. Nc3 e6 4. d4 cxd4 5. Nxd4 Qb6 6. Nb3 Nf6 7. Be3 Qc7 8. a3 a6 9. f4 d6 10. Qf3 Rb8 11. Be2 h5 12. h3 b5 13. Qf2 Be7 14. g3 Bd8 15. Bf3 Bb7 16. 0-0 Nd7 17. Rad1 Be7 18. Bg2 Na5 19. Nxa5 Qxa5 20. Bd4 0-0 21. Bf3 b4 22. axb4 Qxb4 23. Na2 Qa5 24. Nc1 Nc5 25. Qe2 h4 26. g4 Bc6 27. Rfe1 Rfd8 28. Nd3 Nxd3 29. cxd3 e5 30. Be3 Qb5 31. Rb1 Qb3 32. Qd2 exf4 33. Bxf4 Bf6 34. Be3 Bb5 35. d4 Bd3 36. Rbc1 Rdc8 37. Rc3 Rxc3 38. bxc3 Bc4 39. Bf4 Be7 40. e5 Qb6 41. Qf2 dxe5 42. Bxe5 Re8 43. Be4 Bg5 44. Qf5 Qh6 45. Rb1 Be6 46. Qf3 Bc4 47. Bc6 Rd8 48. d5 Be7 49. Bd4 Bd6 50. Be3 Qg6 51. Rb7 Rb8 52. Rxb8+ Bxb8 53. Qf5 Qd6 54. Qc8+ Kh7 1/2-1/2

[Event "Arber op 7th"]
[Site "Bodenmais"]
[Date "2018.07.28"]
[Round "1"]
[White "Stehlik, Christian"]
[Black "Kugelmann, Werner"]
[Result "0-1"]
[WhiteElo "1747"]
[BlackElo "2119"]
[PlyCount "64"]
[EventDate "2018.07.28"]
[EventType "swiss"]
[EventRounds "9"]
[EventCountry "GER"]
[SourceTitle "CBM 185 Extra"]
[Source "ChessBase"]
[SourceDate "2018.07.29"]
[SourceVersion "1"]
[SourceVersionDate "2018.07.29"]
[SourceQuality "1"]

1. e4 c5 2. Ne2 Nc6 3. c3 Nf6 4. Ng3 d5 5. exd5 Nxd5 6. Be2 e5 7. Bf3 Be6 8. 0-0 Be7 9. c4 Ndb4 10. a3 Nd3 11. Qb3 0-0 12. Qxb7 Na5 13. Qxa8 Qxa8 14. Bxa8 Rxa8 15. Nc3 Nb3 16. Rb1 Bxc4 17. Nf5 Bf8 18. Ne3 Be6 19. g3 Rd8 20. f4 Bh3 21. Rd1 exf4 22. gxf4 Rd6 23. f5 Rd4 24. Ne2 Rh4 25. Ng2 Rg4 26. Ng3 c4 27. Ne3 Bc5 28. Re1 Nxe1 29. d4 Bxd4 30. Kf2 Nd3+ 31. Kf3 Rf4+ 32. Ke2 Ndxc1+ 0-1

[Event "Staufer op-A 30th"]
[Site "Schwaebisch Gmuend"]
[Date "2018.01.02"]
[Round "2"]
[White "Dgebuadze, Alexandre"]
[Black "Kugelmann, Werner"]
[Result "1-0"]
[WhiteElo "2521"]
[BlackElo "2069"]
[PlyCount "81"]
[EventDate "2018.01.02"]
[EventType "swiss"]
[EventRounds "9"]
[EventCountry "GER"]
[SourceTitle "CBM 182 Extra"]
[Source "ChessBase"]
[SourceDate "2018.02.23"]
[SourceVersion "1"]
[SourceVersionDate "2018.02.23"]
[SourceQuality "1"]

1. e4 e5 2. Bc4 Nf6 3. d3 Nc6 4. f4 d6 5. Nf3 Be7 6. Nc3 a6 7. 0-0 0-0 8. a4 exf4 9. Bxf4 Bg4 10. d4 Nb4 11. h3 Bh5 12. Bb3 c6 13. Ne2 a5 14. c3 Na6 15. Ng3 Bg6 16. e5 Nh5 17. Nxh5 Bxh5 18. Qe1 Bg6 19. exd6 Bxd6 20. Bxd6 Qxd6 21. Qe5 Qc7 22. h4 Rae8 23. Qxc7 Nxc7 24. Ne5 Re7 25. Rae1 Nd5 26. Nxg6 Rxe1 27. Rxe1 fxg6 28. Re7 Rf7 29. Re8+ Rf8 30. Bxd5+ cxd5 31. Rxf8+ Kxf8 32. Kf2 Ke7 33. Kf3 Kf6 34. Kf4 h6 35. b3 Ke6 36. c4 Kd6 37. c5+ Ke6 38. Ke3 Kd7 39. Kd3 Kc6 40. Kc3 Kc7 41. b4 1-0

[Event "EU-chT Railways USIC"]
[Site "Korenov"]
[Date "2017.10.12"]
[Round "5.6"]
[White "Klimt, Hans"]
[Black "Kugelmann, Werner"]
[Result "0-1"]
[WhiteElo "1633"]
[BlackElo "2100"]
[PlyCount "138"]
[EventDate "2017.10.10"]
[EventType "team-tourn"]
[EventRounds "5"]
[EventCountry "CZE"]
[SourceTitle "CBM 181 Extra"]
[Source "ChessBase"]
[SourceDate "2017.12.12"]
[SourceVersion "1"]
[SourceVersionDate "2017.12.12"]
[SourceQuality "1"]
[WhiteTeam "Austria"]
[BlackTeam "Germany"]
[WhiteTeamCountry "AUT"]
[BlackTeamCountry "GER"]

1. e4 c5 2. d4 cxd4 3. Qxd4 Nc6 4. Qd1 Nf6 5. Nc3 e5 6. a3 Bc5 7. h3 a6 8. Nf3 d6 9. Bc4 Be6 10. Bxe6 fxe6 11. 0-0 0-0 12. Be3 Bxe3 13. fxe3 Qc7 14. Ng5 Qe7 15. Qe2 h6 16. Nf3 Rad8 17. Qe1 d5 18. Nh4 Kh7 19. exd5 exd5 20. Qg3 g5 21. Nf5 Qe6 22. Qh2 d4 23. exd4 Nxd4 24. Nxd4 Rxd4 25. Rae1 Re8 26. Rf2 Rf4 27. Qg3 Qb6 28. Nd1 Kg7 29. Qe3 Qc6 30. Nc3 Rxf2 31. Kxf2 Nh5 32. Kg1 Nf4 33. Qe4 Qb6+ 34. Kh2 Re7 35. Qb4 Qc7 36. g3 Ng6 37. Qe4 Rf7 38. Re2 a5 39. a4 Qb6 40. Nb5 h5 41. Qe3 Qxe3 42. Rxe3 Rf2+ 43. Kg1 Rxc2 44. b3 Rd2 45. Rc3 Rd7 46. Rc7 Rxc7 47. Nxc7 Kf7 48. Kf2 Ke7 49. Ke3 Kd7 50. Nb5 h4 51. gxh4 gxh4 52. Kf3 Ke6 53. Kg4 e4 54. Kg5 Ne7 55. Kf4 Kd5 56. Nc3+ Kd4 57. Nxe4 Nd5+ 58. Kf3 Ne7 59. Nd6 b6 60. Kg4 Kc3 61. Nc4 Nd5 62. Kxh4 Kxb3 63. Ne5 Kxa4 64. Kg5 b5 65. h4 b4 66. h5 b3 67. Nd3 Nc7 68. Kf6 Nd5+ 69. Kg7 Ne3 0-1

[Event "EU-chT Railways USIC"]
[Site "Korenov"]
[Date "2017.10.11"]
[Round "2.5"]
[White "Kugelmann, Werner"]
[Black "Hannecart, Marc"]
[Result "1-0"]
[WhiteElo "2100"]
[BlackElo "1731"]
[PlyCount "45"]
[EventDate "2017.10.10"]
[EventType "team-tourn"]
[EventRounds "5"]
[EventCountry "CZE"]
[SourceTitle "CBM 181 Extra"]
[Source "ChessBase"]
[SourceDate "2017.12.12"]
[SourceVersion "1"]
[SourceVersionDate "2017.12.12"]
[SourceQuality "1"]
[WhiteTeam "Germany"]
[BlackTeam "Belgium"]
[WhiteTeamCountry "GER"]
[BlackTeamCountry "BEL"]

1. e4 c6 2. d4 d5 3. e5 Bf5 4. h4 h6 5. g4 Bh7 6. e6 fxe6 7. Bd3 Nf6 8. Bxh7 Nxh7 9. Nf3 Nd7 10. Qd3 Qa5+ 11. Bd2 Qb6 12. Qg6+ Kd8 13. Nc3 Nhf6 14. 0-0-0 c5 15. dxc5 Qxc5 16. Be3 Qc6 17. Bd4 b5 18. Kb1 a5 19. Rhe1 b4 20. Ne2 Rc8 21. Ne5 Nxe5 22. Bxe5 Ne4 23. Qxe4 1-0

[Event "EU-chT Railways USIC 19th"]
[Site "St Petersburg"]
[Date "2016.07.07"]
[Round "5.14"]
[White "Kugelmann, Werner"]
[Black "Boksler, Uladzimir"]
[Result "1-0"]
[WhiteElo "2144"]
[BlackElo "1800"]
[PlyCount "82"]
[EventDate "2016.07.05"]
[EventType "team-swiss"]
[EventRounds "5"]
[EventCountry "RUS"]
[SourceTitle "EXT 2020"]
[Source "ChessBase"]
[SourceDate "2019.10.17"]
[SourceVersion "1"]
[SourceVersionDate "2019.10.17"]
[SourceQuality "1"]
[WhiteTeam "Germany (rail)"]
[BlackTeam "Belarus (rail)"]
[WhiteTeamCountry "GER"]
[BlackTeamCountry "BLR"]

1. e4 d5 2. exd5 Nf6 3. d4 Nxd5 4. Nf3 Bf5 5. Bd3 Bg6 6. 0-0 e6 7. Re1 Be7 8. c4 Nf6 9. Nc3 0-0 10. Bxg6 hxg6 11. Bg5 Nbd7 12. Qe2 Re8 13. Rad1 Nh7 14. Bxe7 Qxe7 15. Nb5 Qd8 16. Qe4 a6 17. Nc3 Rb8 18. Qf4 c6 19. Ne4 g5 20. Nexg5 Nxg5 21. Nxg5 Qf6 22. Qg3 Nf8 23. Re3 Rbd8 24. Ne4 Qg6 25. Qh4 Qh7 26. Qg3 Qg6 27. c5 Rd5 28. Qxg6 Nxg6 29. Nd6 Re7 30. g3 e5 31. Rde1 Kf8 32. dxe5 Rxc5 33. f4 Rd5 34. Ne4 Red7 35. Kf2 Ne7 36. Nc3 Rd2+ 37. R1e2 Nf5 38. Rxd2 Rxd2+ 39. Re2 Rxe2+ 40. Nxe2 Ke7 41. Kf3 b6 1-0

[Event "WchT Seniors 65"]
[Site "Radebeul"]
[Date "2016.06.30"]
[Round "5.2"]
[White "Benninger, Rudolf"]
[Black "Kugelmann, Werner"]
[Result "1/2-1/2"]
[WhiteElo "2099"]
[BlackElo "2144"]
[PlyCount "90"]
[EventDate "2016.06.26"]
[EventType "team-swiss"]
[EventRounds "9"]
[EventCountry "GER"]
[SourceTitle "CBM 173 Extra"]
[Source "ChessBase"]
[SourceDate "2016.08.29"]
[SourceVersion "1"]
[SourceVersionDate "2016.08.29"]
[SourceQuality "1"]
[WhiteTeam "Hessen II"]
[BlackTeam "Stiftung BSW/DBAG"]
[WhiteTeamCountry "GER"]
[BlackTeamCountry "GER"]

1. e4 e6 2. d4 d5 3. e5 c5 4. c3 Nc6 5. Nf3 Qb6 6. a3 Bd7 7. b4 cxd4 8. cxd4 Rc8 9. Be3 Nh6 10. Bd3 Nf5 11. 0-0 Be7 12. Nbd2 Nxe3 13. fxe3 0-0 14. Nb3 Qd8 15. Rc1 b6 16. Qe2 Nb8 17. h4 Rxc1 18. Rxc1 Ba4 19. Nbd2 Bd7 20. h5 f5 21. exf6 gxf6 22. e4 Be8 23. exd5 exd5 24. Nh4 Kh8 25. Nf5 Bd6 26. Qf3 Rg8 27. Nxd6 Qxd6 28. Qf5 Qe7 29. Nf3 Bd7 30. Qf4 Nc6 31. Qh6 Rg7 32. b5 Nd8 33. Rc7 Qd6 34. Rc2 Nf7 35. Qe3 Qg3 36. Qf2 Qd6 37. Nh4 Ng5 38. Kh1 Ne4 39. Bxe4 dxe4 40. Nf5 Bxf5 41. Qxf5 Qxd4 42. Rc8+ Rg8 43. h6 Qd1+ 44. Kh2 Qd6+ 45. Kh1 Qd1+ 1/2-1/2

[Event "Bayern-chI Bank Hofmann 19th"]
[Site "Bad Wiessee"]
[Date "2015.11.02"]
[Round "3"]
[White "Kugelmann, Werner"]
[Black "Braun, Christian1111"]
[Result "0-1"]
[WhiteElo "2142"]
[BlackElo "2419"]
[PlyCount "92"]
[EventDate "2015.10.31"]
[EventType "swiss"]
[EventRounds "9"]
[EventCountry "GER"]
[SourceTitle "CBM 169 Extra"]
[Source "ChessBase"]
[SourceDate "2015.12.18"]
[SourceVersion "1"]
[SourceVersionDate "2015.12.18"]
[SourceQuality "1"]

1. e4 e6 2. d4 d5 3. Nc3 Nf6 4. Bg5 Bb4 5. e5 h6 6. Bd2 Bxc3 7. bxc3 Ne4 8. Bd3 Nxd2 9. Qxd2 c5 10. dxc5 Qa5 11. Nf3 Qxc5 12. 0-0 Nc6 13. Rab1 a6 14. Rfe1 Na5 15. Nd4 Bd7 16. Nb3 Nxb3 17. cxb3 Bb5 18. Re3 Bxd3 19. Rxd3 Rc8 20. Rg3 g6 21. Qf4 Qe7 22. h4 g5 23. hxg5 hxg5 24. Qe3 Rg8 25. Rd1 g4 26. Rd4 Qh4 27. Rb4 Rc7 28. Rh3 Qg5 29. Rh8 Kd7 30. Rxg8 Qxg8 31. Qg3 Qg5 32. Rf4 Rxc3 33. Rxf7+ Ke8 34. Rf8+ Kxf8 35. Qxc3 Kf7 36. Qc7+ Qe7 37. Qc1 Qb4 38. Qg5 Qe1+ 39. Kh2 Qxf2 40. Qxg4 Qf5 41. Qe2 Kg6 42. Qe3 Qe4 43. Qxe4+ dxe4 44. g4 Kg5 45. Kg3 a5 46. a3 b5 0-1

[Event "EU-chT Seniors"]
[Site "Vienna"]
[Date "2015.07.13"]
[Round "2.13"]
[White "Reuben, Stewart"]
[Black "Kugelmann, Werner"]
[Result "0-1"]
[WhiteElo "2058"]
[BlackElo "2168"]
[PlyCount "72"]
[EventDate "2015.07.12"]
[EventType "team-swiss"]
[EventRounds "9"]
[EventCountry "AUT"]
[SourceTitle "EXT 2018"]
[Source "ChessBase"]
[SourceDate "2017.10.13"]
[SourceVersion "1"]
[SourceVersionDate "2017.10.13"]
[SourceQuality "1"]
[WhiteTeam "England II"]
[BlackTeam "DSW DBAG"]
[WhiteTeamCountry "ENG"]
[BlackTeamCountry "GER"]

1. c4 e5 2. g3 Nc6 3. Bg2 f5 4. d3 Nf6 5. Nc3 Bb4 6. Bd2 0-0 7. e3 Bxc3 8. Bxc3 d6 9. Ne2 Qe8 10. 0-0 Bd7 11. b4 Kh8 12. Qd2 Qh5 13. b5 Nd8 14. a4 Rb8 15. c5 Nf7 16. cxd6 cxd6 17. Rac1 Ng5 18. f3 Rfe8 19. Bb4 d5 20. Bd6 Rbc8 21. Rxc8 Bxc8 22. d4 e4 23. Nf4 Qh6 24. Be5 exf3 25. Bxf3 Nge4 26. Bxe4 dxe4 27. Rc1 Ng4 28. Rc7 Nxe5 29. dxe5 g5 30. Qc3 Be6 31. Nxe6 Qxe6 32. Rxb7 Rd8 33. Rc7 f4 34. exf4 gxf4 35. Rc6 Rd1+ 36. Kf2 Qa2+ 0-1

[Event "EU-chT Seniors"]
[Site "Vienna"]
[Date "2015.07.12"]
[Round "1.19"]
[White "Kugelmann, Werner"]
[Black "Scowen, Roger S"]
[Result "1-0"]
[WhiteElo "2168"]
[BlackElo "1889"]
[PlyCount "53"]
[EventDate "2015.07.12"]
[EventType "team-swiss"]
[EventRounds "9"]
[EventCountry "AUT"]
[SourceTitle "EXT 2018"]
[Source "ChessBase"]
[SourceDate "2017.10.13"]
[SourceVersion "1"]
[SourceVersionDate "2017.10.13"]
[SourceQuality "1"]
[WhiteTeam "DSW DBAG"]
[BlackTeam "England IV"]
[WhiteTeamCountry "GER"]
[BlackTeamCountry "ENG"]

1. e4 e6 2. d3 d5 3. Nd2 c5 4. Ngf3 Nc6 5. g3 g6 6. Bg2 Bg7 7. 0-0 Nge7 8. Re1 0-0 9. c3 d4 10. cxd4 Nxd4 11. Nxd4 cxd4 12. f4 e5 13. fxe5 Bxe5 14. Nc4 f6 15. Bh6 Rf7 16. Nxe5 fxe5 17. Qd2 Be6 18. Rf1 Nc6 19. Rxf7 Bxf7 20. Rf1 Qe7 21. a3 Re8 22. Bg5 Qc7 23. Bh3 Nd8 24. Bh6 Qe7 25. Bg5 Qc7 26. Qf2 Be6 27. Bxd8 1-0

[Event "Rail 6 countries 24th"]
[Site "Bad Salzuflen"]
[Date "2013.06.29"]
[Round "3.5"]
[White "Jones, H Trevor"]
[Black "Kugelmann, Werner"]
[Result "0-1"]
[WhiteElo "1816"]
[BlackElo "2143"]
[PlyCount "68"]
[EventDate "2013.06.28"]
[EventType "team-tourn"]
[EventRounds "5"]
[EventCountry "GER"]
[SourceTitle "EXT 2014"]
[Source "ChessBase"]
[SourceDate "2013.11.20"]
[SourceVersion "1"]
[SourceVersionDate "2013.11.20"]
[SourceQuality "1"]
[WhiteTeam "England"]
[BlackTeam "Germany"]
[WhiteTeamCountry "ENG"]
[BlackTeamCountry "GER"]

1. c4 Nf6 2. Nc3 g6 3. e4 d6 4. g3 Bg7 5. Bg2 0-0 6. Nge2 e5 7. d4 Nbd7 8. d5 a5 9. 0-0 Nc5 10. b3 Ne8 11. Be3 b6 12. Qd2 f5 13. Bh6 Qe7 14. Bxg7 Qxg7 15. f4 Rb8 16. Rae1 Kh8 17. Qe3 Nf6 18. fxe5 Ng4 19. Qd2 Nxe5 20. Nc1 Bd7 21. N3e2 Nxe4 22. Bxe4 fxe4 23. Nd4 Bh3 24. Rf4 Rxf4 25. gxf4 Nf3+ 26. Nxf3 exf3 27. Qe3 Bg4 28. Qe8+ Qf8 29. Qxf8+ Rxf8 30. Re7 Rxf4 31. Kf2 Rd4 32. Kg3 Bh5 33. Re3 Rg4+ 34. Kxf3 Rxc4+ 0-1

[Event "Rail 6 countries 24th"]
[Site "Bad Salzuflen"]
[Date "2013.06.28"]
[Round "2.4"]
[White "Mitura, Vaclav"]
[Black "Kugelmann, Werner"]
[Result "1/2-1/2"]
[WhiteElo "2121"]
[BlackElo "2143"]
[PlyCount "48"]
[EventDate "2013.06.28"]
[EventType "team-tourn"]
[EventRounds "5"]
[EventCountry "GER"]
[SourceTitle "EXT 2014"]
[Source "ChessBase"]
[SourceDate "2013.11.20"]
[SourceVersion "1"]
[SourceVersionDate "2013.11.20"]
[SourceQuality "1"]
[WhiteTeam "Czech Republic"]
[BlackTeam "Germany"]
[WhiteTeamCountry "CZE"]
[BlackTeamCountry "GER"]

1. Nf3 Nf6 2. c4 g6 3. Nc3 Bg7 4. d4 d6 5. e4 0-0 6. h3 e5 7. d5 Nbd7 8. Bg5 h6 9. Be3 Nc5 10. Nd2 a5 11. Be2 Bd7 12. Qc2 c6 13. Nb3 Nxb3 14. axb3 c5 15. g4 Ne8 16. h4 Kh7 17. Qd1 Rh8 18. g5 h5 19. Bf1 Bg4 20. f3 Bd7 21. Bh3 Rf8 22. Bxd7 Qxd7 23. Qe2 Qd8 24. Rg1 Nc7 1/2-1/2

[Event "Bad Woerishofen op 29th"]
[Site "Bad Woerishofen"]
[Date "2013.03.06"]
[Round "6"]
[White "Germes, Bernard"]
[Black "Kugelmann, Werner"]
[Result "1/2-1/2"]
[WhiteElo "2017"]
[BlackElo "2150"]
[PlyCount "37"]
[EventDate "2013.03.01"]
[EventType "swiss"]
[EventRounds "9"]
[EventCountry "GER"]
[SourceTitle "CBM 153 Extra"]
[Source "ChessBase"]
[SourceDate "2013.04.22"]
[SourceVersion "1"]
[SourceVersionDate "2013.04.22"]
[SourceQuality "1"]

1. Nf3 Nf6 2. c4 g6 3. Nc3 Bg7 4. e4 d6 5. d4 0-0 6. h3 Nbd7 7. Be3 e5 8. d5 Nc5 9. Nd2 a5 10. g4 Bd7 11. Qf3 c6 12. Be2 Rb8 13. Qg2 cxd5 14. cxd5 b5 15. h4 b4 16. Nd1 Bb5 17. Bxc5 Bxe2 18. Kxe2 dxc5 19. Ne3 1/2-1/2

[Event "Bad Woerishofen op 28th"]
[Site "Bad Woerishofen"]
[Date "2012.03.10"]
[Round "9"]
[White "Kugelmann, Werner"]
[Black "Buchal, Stephan"]
[Result "0-1"]
[WhiteElo "2171"]
[BlackElo "2330"]
[PlyCount "112"]
[EventDate "2012.03.02"]
[EventType "swiss"]
[EventRounds "9"]
[EventCountry "GER"]
[SourceTitle "EXT 2019"]
[Source "ChessBase"]
[SourceDate "2018.10.10"]
[SourceVersion "1"]
[SourceVersionDate "2018.10.10"]
[SourceQuality "1"]

1. d4 g6 2. c4 Bg7 3. Nc3 d6 4. Nf3 Nf6 5. e4 0-0 6. Be2 e5 7. dxe5 dxe5 8. Qxd8 Rxd8 9. Bg5 Re8 10. 0-0-0 h6 11. Bh4 Na6 12. Rhe1 Nh5 13. Rd8 Rxd8 14. Bxd8 Bg4 15. Be7 Nf4 16. Bf1 Re8 17. Ba3 Bxf3 18. gxf3 Bf8 19. Bxf8 Kxf8 20. Rd1 c6 21. Ne2 Nxe2+ 22. Bxe2 Nc5 23. Bf1 Ne6 24. Rd7 Re7 25. Rd3 Ke8 26. Ra3 b6 27. Bh3 Nf4 28. Bf1 c5 29. Re3 Kd7 30. Kc2 Kc6 31. Kc1 Rd7 32. Kc2 Rd6 33. Kc1 Rf6 34. Kd2 Ne6 35. Be2 Rf4 36. Bd1 Nd4 37. Ke1 Rh4 38. Kf1 Rxh2 39. Kg1 Rh4 40. a3 Rf4 41. Kg2 Rf6 42. b4 Rd6 43. Kg3 f5 44. Re1 f4+ 45. Kg2 Kd7 46. Ba4+ Ke7 47. Rd1 Ne6 48. Rxd6 Kxd6 49. b5 Nd4 50. Bd1 Ke6 51. Kh3 Kf7 52. Kg2 Kf6 53. Kh2 Kg5 54. Kg2 Kh4 55. Kh2 g5 56. Kg2 h5 0-1

[Event "Bad Woerishofen op 28th"]
[Site "Bad Woerishofen"]
[Date "2012.03.02"]
[Round "1"]
[White "Marzec, Witold"]
[Black "Kugelmann, Werner"]
[Result "0-1"]
[WhiteElo "1887"]
[BlackElo "2171"]
[PlyCount "66"]
[EventDate "2012.03.02"]
[EventType "swiss"]
[EventRounds "9"]
[EventCountry "GER"]
[SourceTitle "EXT 2019"]
[Source "ChessBase"]
[SourceDate "2018.10.10"]
[SourceVersion "1"]
[SourceVersionDate "2018.10.10"]
[SourceQuality "1"]

1. d4 Nf6 2. c4 g6 3. Nc3 Bg7 4. e4 d6 5. h3 0-0 6. Nf3 Nbd7 7. Bd3 e5 8. d5 Nc5 9. Bc2 a5 10. 0-0 Bd7 11. Bg5 h6 12. Be3 b6 13. a3 Na6 14. Ne1 Nh5 15. Nd3 Nc5 16. Nxc5 bxc5 17. Ne2 Qh4 18. Kh2 Nf4 19. Nxf4 exf4 20. Bc1 g5 21. Qd3 Be5 22. Kg1 f5 23. f3 Rae8 24. Qd2 fxe4 25. Bxe4 Bd4+ 26. Kh1 Bxh3 27. Qe1 Qh5 28. Rf2 Bf5+ 29. Kg1 Bxe4 30. fxe4 Qh4 31. Rb1 Rxe4 32. Qxe4 Qxf2+ 33. Kh2 Qh4# 0-1

[Event "Bad Griesbach Seniors op 14th"]
[Site "Bad Griesbach"]
[Date "2011.12.04"]
[Round "1"]
[White "Schuster, Herbert"]
[Black "Kugelmann, Werner"]
[Result "1/2-1/2"]
[WhiteElo "1744"]
[BlackElo "2090"]
[PlyCount "60"]
[EventDate "2011.12.04"]
[EventType "swiss"]
[EventRounds "7"]
[EventCountry "GER"]
[SourceTitle "EXT 2015"]
[Source "ChessBase"]
[SourceDate "2014.11.20"]
[SourceVersion "1"]
[SourceVersionDate "2014.11.20"]
[SourceQuality "1"]

1. d4 Nf6 2. Nf3 g6 3. e3 Bg7 4. Be2 0-0 5. Nbd2 d6 6. c3 Nc6 7. h3 e5 8. dxe5 dxe5 9. Nc4 Qe7 10. Qa4 Re8 11. Na5 Nd8 12. Qh4 e4 13. Nd4 c5 14. Nc2 Qc7 15. Nb3 b6 16. Na3 a6 17. Bd2 Nc6 18. Rd1 Be6 19. 0-0 Ne7 20. Qf4 Qc6 21. c4 Nd7 22. Bc3 Bxc3 23. bxc3 Qa4 24. Nb1 Nc8 25. Rd2 Qc6 26. Rfd1 Nf8 27. f3 f5 28. fxe4 Qxe4 29. Bf3 Qxf4 30. exf4 Ra7 1/2-1/2

[Event "EU-chT Seniors"]
[Site "Thessaloniki"]
[Date "2011.05.10"]
[Round "8"]
[White "Kugelmann, Werner"]
[Black "Rosen, Willy"]
[Result "0-1"]
[WhiteElo "2226"]
[BlackElo "2285"]
[PlyCount "59"]
[EventDate "2011.05.03"]
[EventType "team-swiss"]
[EventRounds "9"]
[EventCountry "GRE"]
[SourceTitle "CBM 142 Extra"]
[Source "ChessBase"]
[SourceDate "2011.06.27"]
[SourceVersion "1"]
[SourceVersionDate "2011.06.27"]
[SourceQuality "1"]
[WhiteTeam "Stiftung BSW/DBAG"]
[BlackTeam "Katernberg"]
[WhiteTeamCountry "GER"]
[BlackTeamCountry "GER"]

1. e4 c5 2. Nf3 Nc6 3. d4 cxd4 4. Nxd4 Qb6 5. Nb3 Nf6 6. Nc3 e6 7. Bd3 Bb4 8. 0-0 Bxc3 9. bxc3 0-0 10. Bg5 Ne8 11. Be3 Qc7 12. f4 f6 13. Kh1 b6 14. Qe1 Bb7 15. Rd1 Ne7 16. Bg1 Nd6 17. c4 f5 18. e5 Ne4 19. Nd4 Ng6 20. Nb5 Qd8 21. Be2 Rc8 22. Nd6 Nxd6 23. Rxd6 Nh4 24. Rf2 Rf7 25. Bf1 g5 26. fxg5 Qxg5 27. Qd2 Qg7 28. Qe1 Rxc4 29. Rfd2 Rg4 30. R6d4 0-1